Macroeconomía

Saved in:
Bibliografiske detaljer
Main Authors: Dornbusch, Rudiger (Author), Fischer, Stanley (Author), Startz, Richard (Author)
Format: Bog
Sprog:spansk
Udgivet: Madrid McGraw-Hill 2004
Udgivelse:9a. ed
Fag:
Tags: Tilføj Tag
Ingen Tags, Vær først til at tagge denne postø!

MARC

LEADER 00000nam a2200000 a 4500
001 UCK1577
003 CL-VaPUC
008 041119e20040000SP |||||||||||||||||spa|d
020 |a 8448141814 
082 0 4 |a 339  |b DOR  |2 21 
100 0 |a Dornbusch, Rudiger  |e author  |9 489457 
700 0 |a Fischer, Stanley  |e author  |9 489458 
700 0 |a Startz, Richard  |e author  |9 489459 
245 1 0 |a Macroeconomía 
250 |a 9a. ed 
300 |a 678 p 
942 |c BK 
945 |d 20041119 00:00:00  |a cmena 
260 |a Madrid  |b McGraw-Hill  |c 2004 
650 0 |a Política monetaria  |9 258279 
650 0 |a Política económica   |9 255029 
650 0 |a Oferta y demanda  |9 255571 
650 0 |a Inflación   |9 257218 
583 |a last modification  |c 20160907 01:08:42  |k Rodrigo Vera 
999 |c 311487  |d 311485 
952 |0 0  |1 0  |4 0  |6 339_000000000000000_DOR_2004  |7 0  |8 R  |9 380892  |a BIBGIM  |b BIBGIM  |d 2019-11-21  |i 4079841  |l 2  |o 339 DOR 2004  |p 4079841  |r 2025-01-15  |s 2023-06-16  |w 2019-11-21  |y BK_R  |k COM 
952 |0 0  |1 0  |4 0  |6 339_000000000000000_DOR_2004  |7 0  |8 R  |9 380893  |a BIBGIM  |b BIBGIM  |d 2019-11-21  |i 4079833  |l 1  |o 339 DOR 2004  |p 4079833  |r 2025-01-15  |s 2023-06-23  |w 2019-11-21  |y BK_R  |k COM 
952 |0 0  |1 0  |4 0  |6 339_000000000000000_DOR_2004  |7 0  |8 R  |9 380894  |a BIBGIM  |b BIBGIM  |d 2019-11-21  |i 4079825  |l 5  |o 339 DOR 2004  |p 4079825  |r 2025-01-15  |s 2024-07-03  |w 2019-11-21  |y BK_R  |k COM 
952 |0 0  |1 0  |4 0  |6 339_000000000000000_DOR_2004  |7 0  |8 R  |9 380895  |a BIBGIM  |b BIBGIM  |d 2019-11-21  |i 4079817  |o 339 DOR 2004  |p 4079817  |r 2025-01-15  |w 2019-11-21  |y BK_R  |k COM 
952 |0 0  |1 0  |4 0  |6 339_000000000000000_DOR_2004  |7 0  |8 R  |9 380896  |a BIBGIM  |b BIBGIM  |d 2019-11-21  |i 4079809  |l 2  |o 339 DOR 2004  |p 4079809  |r 2025-01-15  |s 2023-06-22  |w 2019-11-21  |y BK_R  |k COM 
952 |0 0  |1 0  |4 0  |6 339_000000000000000_DOR_2004  |7 0  |8 R  |9 380897  |a BIBGIM  |b BIBGIM  |d 2019-11-21  |i 4204867  |l 2  |o 339 DOR 2004  |p 4204867  |r 2025-01-15  |s 2023-06-14  |w 2019-11-21  |y BK_R  |k COM